Hati anak yatim piatu (Record no. 56622)

MARC details
000 -LEADER
fixed length control field 00751nam a2200265 i 4500
001 - CONTROL NUMBER
control field C2-0241675
003 - CONTROL NUMBER IDENTIFIER
control field PPAK
005 - DATE AND TIME OF LATEST TRANSACTION
control field 20190312140056.0
008 - FIXED-LENGTH DATA ELEMENTS--GENERAL INFORMATION
fixed length control field 020812s2002 my a|||| ||||| | may d
020 ## - INTERNATIONAL STANDARD BOOK NUMBER
International Standard Book Number 9838239720 ; 9789838239721
040 ## - CATALOGING SOURCE
Original cataloging agency PPAK
Language of cataloging eng
Transcribing agency PPAK
Description conventions rda
082 04 - DEWEY DECIMAL CLASSIFICATION NUMBER
Classification number 899.233
Edition number 23
090 00 - LOCALLY ASSIGNED LC-TYPE CALL NUMBER (OCLC); LOCAL CALL NUMBER (RLIN)
Classification number (OCLC) (R) ; Classification number, CALL (RLIN) (NR) 899.233
Feature heading ZIR
Feature heading K
100 0# - MAIN ENTRY--PERSONAL NAME
Personal name Zirwatul Hanim,
Relator term author
245 10 - TITLE STATEMENT
Title Hati anak yatim piatu
264 #1 - PRODUCTION, PUBLICATION, DISTRIBUTION, MANUFACTURE, AND COPYRIGHT NOTICE
Place of production, publication, distribution, manufacture Petaling Jaya, Selangor :
Name of producer, publisher, distributor, manufacturer Prisma ,
Date of production, publication, distribution, manufacture, or copyright notice 2002
300 ## - PHYSICAL DESCRIPTION
Extent 38 pages :
Other physical details illustrations ;
Dimensions 22 cm
336 ## - CONTENT TYPE
Source rdacontent
Content type term text
337 ## - MEDIA TYPE
Source rdamedia
Media type term unmediated
338 ## - CARRIER TYPE
Source rdacarrier
Carrier type term volume
490 1# - SERIES STATEMENT
Series statement Siri Muridku sayang
650 10 - SUBJECT ADDED ENTRY--TOPICAL TERM
Topical term or geographic name entry element Children's stories, Malay
830 #0 - SERIES ADDED ENTRY--UNIFORM TITLE
Uniform title Siri Muridku sayang
942 ## - ADDED ENTRY ELEMENTS (KOHA)
Koha item type Book
Source of classification or shelving scheme Dewey Decimal Classification
Holdings
Withdrawn Not for loan Current library Shelving location Date acquired Total Checkouts Full call number Barcode Date last seen Koha item type Date last checked out
    Perpustakaan Alor Setar Pinjaman Kanak-kanak 12/08/2002   K 899.233 ZIR A01008548 08/05/2018 Book  
    Perpustakaan Awam Sungai Petani Pinjaman Kanak-kanak 12/08/2002 1 K 899.233 ZIR A01008549 03/07/2023 Book 12/06/2023
    Perpustakaan Jitra Pinjaman Kanak-kanak 12/08/2002   K 899.233 ZIR A01008550 08/05/2018 Book  
    Perpustakaan Kuala Nerang Pinjaman Kanak-kanak 12/08/2002   K 899.233 ZIR A01008564 08/05/2018 Book  
    Perpustakaan Langkawi Pinjaman Kanak-kanak 12/08/2002   K 899.233 ZIR A01008551 08/05/2018 Book  
    Bergerak 3, Baling Pinjaman Kanak-kanak 12/08/2002   K 899.233 ZIR A01008558 08/05/2018 Book  
    Bergerak 4, Sungai Petani Pinjaman Kanak-kanak 12/08/2002   K 899.233 ZIR A01008559 08/05/2018 Book  
    Bergerak 5, Kulim Pinjaman Kanak-kanak 12/08/2002   K 899.233 ZIR A01008560 08/05/2018 Book  
    PD02, Kg. Banggol Besi, Pendang Pinjaman Kanak-kanak 12/08/2002   K 899.233 ZIR A01008562 08/05/2018 Book  
    PD05, Kg. Lindungan Raja, Kulim Pinjaman Kanak-kanak 12/08/2002   K 899.233 ZIR A01008571 08/05/2018 Book  
    PD24, Felda Bukit Tangga, Bukit Kayu Hitam Pinjaman Kanak-kanak 12/08/2002   K 899.233 ZIR A01008570 08/05/2018 Book  
    PD24, Felda Bukit Tangga, Bukit Kayu Hitam Pinjaman Kanak-kanak 12/08/2002   K 899.233 ZIR A01008565 08/05/2018 Book  
    PD27, Kg. Bendang Bukit, Pendang Pinjaman Kanak-kanak 12/08/2002   K 899.233 ZIR A01008568 08/05/2018 Book  
    PD28, Kg. Paya Kerchut, Pendang Pinjaman Kanak-kanak 12/08/2002   K 899.233 ZIR A01008569 08/05/2018 Book